Statistics for Guess the Country #5

Click here to take the quiz!

General Stats

  • This quiz has been taken 124 times
  • The average score is 8 of 15

Answer Stats

HintCountry% Correct
I am competely surrounded by South AfricaLesotho
92%
We are the only countries that don't use the metric systemUnited States
92%
I am the birthplace of the fastest man aliveJamaica
85%
I have the most populous metropolitan areaChina
81%
I am the only country whose capital starts with a ZCroatia
64%
I contaiJordan
51%
My capital is MaputoMozambique
50%
I am home to the highest capital city in the worldBolivia
46%
I am the country with the highest fertility rateNiger
44%
I am the country with the highest population decline as of 2016Syria
36%
We are the only countries that don't use the metric systemLiberia
35%
I am the country with the highest average IQSouth Korea
35%
We are the only countries that don't use the metric systemMyanmar
25%
I have the lowest GDP per capitaSomalia
22%
I contain the lowest point in Africa, Lake AssalDjibouti
21%

Score Distribution

Percentile by Number Answered

Percent of People with Each Score

Your Score History

You have not taken this quiz